The soil resource: origin and behavior

Uloženo v:
Podrobná bibliografie
Hlavní autor: Jenny, Hans (Autor)
Médium: Kniha
Jazyk:angličtina
Vydáno: Nueva York Springer 1983
Edice:Ecological Studies. Analysis and Synthesis, 37
Témata:
Tagy: Přidat tag
Žádné tagy, Buďte první, kdo vytvoří štítek k tomuto záznamu!

MARC

LEADER 00000nam a2200000 a 4500
001 UCU2367
003 CL-VaPUC
008 960426e19830000US |||||||||||||||||eng|d
082 0 4 |a 631.4  |b JEN  |2 21 
100 0 |a Jenny, Hans  |e author  |9 358467 
245 1 4 |a The soil resource: origin and behavior 
300 |a 377 p 
942 |c BK 
945 |d 19960426 00:00:00  |a rbrito 
260 |a Nueva York  |b Springer  |c 1983 
650 7 |a FORMACION DE LOS SUELOS  |2 CL-VaPUC  |9 351598 
650 0 |a Ecología   |9 258124 
650 0 |a Suelos  |9 260322 
650 0 |a Ecosistemas terrestres  |9 343700 
650 0 |a Química de los suelos   |9 358409 
650 0 |a Vegetación  |9 264748 
650 7 |a BIOMAS  |2 CL-VaPUC  |9 358233 
650 0 |a Topografía   |9 260423 
650 0 |a Clima  |9 265281 
583 |a last modification  |c 19960426 00:00:00  |k Rodrigo Vera 
490 0 |a Ecological Studies. Analysis and Synthesis, 37 
999 |c 246673  |d 246671